000 00264nam a2200097Ia 4500
001 1051407
005 20250827001226.0
008 250824s9999 xx 000 0 und d
245 0 _aBÖYLE ŞEYLER FİLMLERDE OLUR
_cİSMAİL KILIÇARSLAN
260 _bKETEBE YAYINLARI
999 _c1051407
_d1051407